| 000 | 00504nam a2200157 4500 | ||
|---|---|---|---|
| 001 | 107520 | ||
| 003 | ES-MaACL | ||
| 005 | 20230906184434.0 | ||
| 007 | t| | ||
| 008 | 061121s1926 sp r ||||1| spa d | ||
| 100 | 1 |
_aMorros Sardá, José. _983697 |
|
| 245 | 1 | 3 |
_aLa dinámica cardíaca y la significación funcional de algunos elementos químicos empleados en percusión / _cJosé Morros Sardá. |
| 260 |
_aCuenca : _bRuiz de Lara, _c1926. |
||
| 300 |
_a4 p. ; _c24 cm. |
||
| 852 |
_aES-MaACL _j1738-F-5 |
||
| 999 |
_c107520 _d107520 |
||